The standard mode of measurement agreed upon by the architects and builders of Bolton and District as a general statement of the methods proposed to be used in taking quantities and measuring up works (Record no. 94679)

MARC details
000 -LEADER
fixed length control field 00674cam a2200193 4500
001 - CONTROL NUMBER
control field D1541
008 - FIXED-LENGTH DATA ELEMENTS--GENERAL INFORMATION
fixed length control field 090401t1887 xxu||||| |||| 00| 0 eng d
035 ## - SYSTEM CONTROL NUMBER
System control number (Sirsi) u64468
041 ## - LANGUAGE CODE
Language code of text/sound track or separate title eng
050 ## - LIBRARY OF CONGRESS CALL NUMBER
Classification number 692.30942737
110 ## - MAIN ENTRY--CORPORATE NAME
Corporate name or jurisdiction name as entry element Bolton Master Builder`s Association
9 (RLIN) 1073
245 #4 - TITLE STATEMENT
Title The standard mode of measurement agreed upon by the architects and builders of Bolton and District as a general statement of the methods proposed to be used in taking quantities and measuring up works
260 ## - PUBLICATION, DISTRIBUTION, ETC.
Place of publication, distribution, etc. Bolton
Name of publisher, distributor, etc. Bolton Master Builder`s Association
Date of publication, distribution, etc. 1887
300 ## - PHYSICAL DESCRIPTION
Extent 13p. 30cm
350 ## - PRICE (NR) (BK AM CF MU VM SE) [OBSOLETE]
Price 0
520 ## - SUMMARY, ETC.
Summary, etc. Filed at SMM 1887/1BC
942 ## - ADDED ENTRY ELEMENTS (KOHA)
Suppress in OPAC 0
948 ## - LOCAL PROCESSING INFORMATION (OCLC); SERIES PART DESIGNATOR (RLIN)
c (OCLC) 04/03/1997
Holdings
Withdrawn status Lost status Source of classification or shelving scheme Damaged status Not for loan Home library Current library Shelving location Date acquired Total Checkouts Full call number Barcode Date last seen Copy number Price effective from Koha item type
    Other/Generic Classification Scheme     London London RICS Boxes 20/08/1991   SMM 1887/1 300021474 06/08/2019 1 06/08/2019 Reference material
    Other/Generic Classification Scheme     London London Gallery 09/01/1992   SMM 1887/1 30032152 06/08/2019 2 06/08/2019 Book
    Other/Generic Classification Scheme     London London Gallery 09/01/1992   SMM 1887/1 30032156 06/08/2019 3 06/08/2019 Book